Replenish the Earth : A Primer in Human Ecology /
שמור ב:
| מחבר ראשי: | |
|---|---|
| פורמט: | Sách giấy |
| שפה: | English |
| יצא לאור: |
Belmont, California :
Wadsworth,
1972
|
| תגים: |
הוספת תג
אין תגיות, היה/י הראשונ/ה לתייג את הרשומה!
|
| Thư viện lưu trữ: | Thư viện Trường Đại học Đà Lạt |
|---|
| LEADER | 00559nam a2200229 4500 | ||
|---|---|---|---|
| 001 | DLU020000623 | ||
| 005 | ##12/24/1998 | ||
| 041 | # | # | |a eng |
| 082 | # | # | |a 304.2 |b MI-G |
| 100 | # | # | |a Miller, G. Tyler |
| 245 | # | # | |a Replenish the Earth : |b A Primer in Human Ecology / |c G. Tyler Miller |
| 260 | # | # | |a Belmont, California : |b Wadsworth, |c 1972 |
| 300 | # | # | |a IX, 199 tr.; |c 21 cm. |
| 992 | # | # | |a 4000 |
| 994 | # | # | |a DLU |
| 900 | # | # | |a False |
| 911 | # | # | |a Administrator |
| 925 | # | # | |a G |
| 926 | # | # | |a A |
| 927 | # | # | |a SH |
| 980 | # | # | |a Thư viện Trường Đại học Đà Lạt |